000 00312nam a2200145 a 4500
005 20260702181356.0
020 _a9780743273565
100 1 _aFitzgerald, F. Scott
245 1 0 _aThe Great Gatsby
260 _aNew York
_bScribner
_c2004
300 _a180 p.
041 0 _aeng
650 0 _aRoman american
942 _cBK
999 _c41
_d41